000 00347cam a2200133 a 4500
020 _a0393037398
040 _cDLC
082 _a338 NOR 1995 A014 Or.
100 1 _aJohnson, Chalmers A
245 1 0 _aJapan, who governs? :
_bthe rise of the developmental state /
260 _aNew York :
_bNorton,
_cc1995
300 _a384 p. ;
_c22 cm
942 _cEK
999 _c12911
_d12911